000 00901nab a2200265 u 4500
001 17625
003 HDC
007 cr bn ---aaaaa
008 210201b20110808my ||||| |||| 00| 0eng
040 _aHDC
245 0 _aChina's Gansu Province An Emerging Market For Halal Products
260 _aKuala Lumpur :
_bBernama,
_c2010
300 _a1 online resource
336 _atext
_2rdacontent
337 _acomputer
_2rdamedia
338 _aonline resource
_2rdacarrier
650 _aFood industry and trade.
_9140
650 _aFood
_xReligious aspects
_xIslam
_9239
650 _aHalal food
_xMuslims
_xDietary laws.
_916932
710 _aBernama,
_eissung body
856 _zRequest full-text at [email protected]
942 _2lcc
942 _cNEWS
942 _kNWSO 004092
999 _c14941
_d14941